Nursery Rhymes and Folk Songs Quiz - Statistics

General Stats
  • This quiz has been taken 343 times
  • The average score is 11 of 20
Answer Stats
Lyrics % Correct
Mary had a little lamb, whose fleece as {white} as {snow}.
92%
Humpty Dumpty {sat} {on} {a} {wall}, Humpty Dumpty had a great fall.
91%
Jack fell down and {broke} {his} {crown}
91%
Row, row, row your boat, gently {down} {the} {stream}.
86%
London Bridge is falling down, {my} {fair} {lady}.
82%
Up above the world so high, like a {diamond} {in} {the} {sky}!
76%
Hush, little baby, don't say a word, Mama's gonna buy you a {mockingbird}.
65%
One for the master, one for the dame, and one for the little boy who {lives} {down} {the} {lane}.
62%
{Little} {Bo-Peep} has lost her sheep, and doesn't know where to find them.
61%
{Amazing} {grace}, how sweet the sound
55%
And {eyes} and {ears} and {mouth} and {nose}, head, shoulders, knees and toes, knees and toes!
55%
The grand old Duke of York, he had {ten} {thousand} {men}
55%
Are you sleeping, are you sleeping, {Brother} {John}? {Brother} {John}?
49%
I don't know why she swallowed a fly; {perhaps} {she'll} {die}!
45%
Oh, Susanna! Oh, don't you {cry} {for} {me}!
39%
With a {knick-knack} {paddywhack}, give the dog a bone, this old man came rolling home.
38%
{Yankee} {Doodle} keep it up, {Yankee} {Doodle} dandy.
30%
The three little kittens have lost their mittens, and they {began} {to} {cry}.
24%
{Five} {little} {ducks} went out one day, over the hills and far away.
22%
Did you ever see a lassie, go {this} {way} {and} {that}?
16%
No matching quizzes found
Score Distribution
Percent of People with Each Score
Percentile by Number Answered
Your Score History
You have not taken this quiz